[Event "Debrecen DEAC op"]
[Site "Debrecen"]
[Date "2002.10.20"]
[Round "7.15"]
[White "Racz, Judit"]
[Black "Mandi, Attila"]
[Result "0-1"]
[WhiteElo "1750"]
[BlackElo "1530"]
[PlyCount "70"]
[EventDate "2002.10.18"]
[EventType "swiss"]
[EventRounds "7"]
[EventCountry "HUN"]
[SourceTitle "EXT 2004"]
[Source "ChessBase"]
[SourceDate "2003.11.25"]
[SourceVersion "1"]
[SourceVersionDate "2003.11.25"]
[SourceQuality "1"]

1. e4 Nf6 2. Nc3 d5 3. exd5 Nxd5 4. Nxd5 Qxd5 5. d3 Nc6 6. c3 e5 7. Qf3 Be6 8. Qxd5 Bxd5 9. Be3 Bd6 10. Ne2 f5 11. f4 e4 12. dxe4 Bxe4 13. 0-0-0 a6 14. Nd4 Nxd4 15. Rxd4 0-0 16. Bc4+ Kh8 17. Rd2 Rae8 18. Rg1 b5 19. Bb3 Bc6 20. Rd3 Rxe3 21. Rxe3 Bxf4 22. Rge1 Bxg2 23. Kb1 Bxe3 24. Rxe3 Be4+ 25. Bc2 Re8 26. Kc1 Kg8 27. Bb3+ Kf8 28. Rh3 f4 29. Bd1 g5 30. Kd2 Bf5 31. Rh5 Rd8+ 32. Kc1 Rxd1+ 33. Kxd1 Bg4+ 34. Ke1 Bxh5 35. Kf2 Ke7 0-1

[Event "Debrecen DEAC op"]
[Site "Debrecen"]
[Date "2002.10.19"]
[Round "4.12"]
[White "Racz, Judit"]
[Black "Balla, Andras"]
[Result "0-1"]
[WhiteElo "1750"]
[BlackElo "1652"]
[PlyCount "106"]
[EventDate "2002.10.18"]
[EventType "swiss"]
[EventRounds "7"]
[EventCountry "HUN"]
[SourceTitle "EXT 2004"]
[Source "ChessBase"]
[SourceDate "2003.11.25"]
[SourceVersion "1"]
[SourceVersionDate "2003.11.25"]
[SourceQuality "1"]

1. e4 d6 2. d4 g6 3. c3 Bg7 4. Be3 Nf6 5. Nd2 0-0 6. Ngf3 c6 7. Qc2 Ng4 8. Be2 Nxe3 9. fxe3 Qc7 10. Nf1 c5 11. N3d2 b6 12. Bf3 Bb7 13. b3 Nd7 14. Rc1 e5 15. d5 Bh6 16. Qd3 a5 17. Ng3 Ba6 18. c4 Bc8 19. 0-0 Nf6 20. Qe2 Bd7 21. Rce1 Rfb8 22. Qf2 Ng4 23. Bxg4 Bxg4 24. h3 Bc8 25. Re2 Ra7 26. Nb1 a4 27. Nc3 Ba6 28. Rc2 b5 29. cxb5 Bxb5 30. Nxb5 Rxb5 31. Rb1 Qb6 32. Rc3 c4 33. Qc2 cxb3 34. axb3 Bxe3+ 35. Kh1 a3 36. Qa2 Qd4 37. Rc2 Rb4 38. Rc8+ Kg7 39. Rc2 Bf4 40. Ne2 Qxe4 41. Nxf4 Qxf4 42. Rc4 Rxc4 43. bxc4 Ra6 44. Kg1 Qe3+ 45. Qf2 Qxf2+ 46. Kxf2 a2 47. Ra1 Kf6 48. Ke2 Kf5 49. Ke3 Ra3+ 50. Kd2 Ke4 51. Kc2 Kd4 52. Kb2 Ra5 53. Kb3 e4 0-1